The human resources for health crisis in zambia: an outcome of health worker entry, exit and performance within the national labor health market (Record no. 31745)
[ view plain ]
| 000 -LEADER | |
|---|---|
| fixed length control field | 00908nam a2200181 a 4500 |
| 008 - FIXED-LENGTH DATA ELEMENTS--GENERAL INFORMATION | |
| fixed length control field | 160216s2011 ||||||||||||||||| || u |
| 020 ## - INTERNATIONAL STANDARD BOOK NUMBER | |
| International Standard Book Number | 9780821387610 |
| 050 ## - LIBRARY OF CONGRESS CALL NUMBER | |
| Classification number | RA 971.35 Hum |
| 100 ## - MAIN ENTRY--PERSONAL NAME | |
| Personal name | Herbst, Christopher H |
| 245 14 - TITLE STATEMENT | |
| Title | The human resources for health crisis in zambia: an outcome of health worker entry, exit and performance within the national labor health market |
| Statement of responsibility, etc. | By Christopher H. Herbst, Monique Vledder, Karen Campbell, Mirja Sjoblom [and] Agnes Soucat |
| 260 ## - PUBLICATION, DISTRIBUTION, ETC. | |
| Place of publication, distribution, etc. | Washington D.C |
| Name of publisher, distributor, etc. | The International Bank for Reconstruction |
| Date of publication, distribution, etc. | 2011 |
| 300 ## - PHYSICAL DESCRIPTION | |
| Extent | xiv, 91p.: ill. |
| 350 ## - | |
| -- | 20.00 |
| 490 ## - | |
| -- | African human development |
| 650 ## - SUBJECT ADDED ENTRY--TOPICAL TERM | |
| Topical term or geographic name entry element | HEALTH PERSONNEL -- ORGANIZATION AND ADMINISTRATION |
| 650 #0 - SUBJECT ADDED ENTRY--TOPICAL TERM | |
| Topical term or geographic name entry element | PERSONNEL MANAGEMENT |
| 995 ## - | |
| -- | SPECIAL COLLECTIONS |
| -- | 903599 |
| -- | CBU-SCHOOL OF MEDICINE LIBRARY (Ndola) |
| -- | 20.00 |
| -- | ZAM RA 971.35 Hum |
| -- | 1 |
| -- | AVAILABLE |
| -- | May 16, 2016 |
| -- | 903599 |
| -- | Zambiana Collection |
| 999 ## - | |
| -- | 31745 |
| -- | 31745 |
| Withdrawn status | Lost status | Source of classification or shelving scheme | Damaged status | Not for loan | Permanent Location | Current Location | Shelving location | Date acquired | Total Checkouts | Full call number | Barcode | Date last seen | Price effective from | Koha item type |
|---|---|---|---|---|---|---|---|---|---|---|---|---|---|---|
| CBU-SCHOOL OF MEDICINE LIBRARY, NDOLA. | CBU-SCHOOL OF MEDICINE LIBRARY, NDOLA. | 11/30/2022 | RA 971.35 Hum | 903599 | 11/30/2022 | 11/30/2022 | MONOGRAPH |